MARC

LEADER 00000cam a2200000 7i4500
001 0000007534
005 20220217.0
040 |a INS 
090 0 0 |a RESEARCH 217 
100 0 |a Kaloo Vanajam 
245 1 2 |a A guide to the Land Acquisition (Amendment) Act, 1983 
300 |a 30cm 
500 |a Digital document is available on-line; Please click the URL below 
650 0 0 |a Land acquisition Act 
650 0 0 |a Land acquisition and compensation 
650 0 0 |a Land acquisition and compensation   |z Malaysia 
710 2 |a INSPEN 
856 |u http://app.inspen.gov.my:7779/pls/portal/docs/PAGE/CORPORATEPAGES/PORTAL_INSPEN/LAPORAN_PENYELIDIKAN_DI_PERPUSTAKAAN/JI.PDF 
999 |a RES0000318   |b BOOK   |c Research By JPPH Staff   |e Default branch 
999 |a RES0000319   |b BOOK   |c Research By JPPH Staff   |e Default branch